000 00646nam a2200229 4500
003 OSt
005 20260530115318.0
008 260508b2002 |||a|||| |||| 001 0 eng d
020 _a1856692981
040 _aICI
_bspa
_cICI
_erda
050 _aNK1390
_b.I58
100 1 _aLovegrove, Ross
_eautor
_934084
245 _aThe international design yearbook 2002
264 _aHong Kong
_bLaurence King
_c2002
300 _a224 páginas
336 _2rdacontent
_atexto
337 _2rdamedia
_asin medio
338 _2rdacarrier
_avolumen
650 4 _aProductos industriales
_xDiseño
650 4 _aArtes decorativas modernas
942 _2lcc
_n1
_cBK
999 _c13687
_d13687